| 000 | 01300nam0a22003491 4500 | ||
|---|---|---|---|
| 001 | RU\NLR\A1SV\98049 | ||
| 005 | 20251119144442.0 | ||
| 035 | _a(NLR Aleph) 009779402 | ||
| 090 |
_a10089291 _c10089291 |
||
| 100 | _a20091014d1926 u y0rusy50 ca | ||
| 101 | 0 | _arus | |
| 102 | _aRU | ||
| 200 | 1 |
_aОчередные задачи ВНО _fРечи т.т. Калинина, Ворошилова и Уншлихта на I Всесоюз. съезде ВНО |
|
| 210 |
_aМ. _cВоен. вестн. _d1926 |
||
| 215 |
_a30 с. _d23 см |
||
| 225 |
_aБ-ка I Всесоюз. съезда ВНО _fВоен. науч. о-во СССР _v№ 1 |
||
| 620 | _dМосква | ||
| 702 | 1 |
_aКалинин _bМ. И. _cгос. и парт. деятель _f1875-1946 _gМихаил Иванович _3RU\NLR\AUTH\770126884 _4220 |
|
| 702 | 1 |
_aВорошилов _bК. Е. _f1881-1969 _gКлимент Ефремович _3RU\NLR\auth\77126939 _4570 |
|
| 702 | 1 |
_aУншлихт _bИ. С. _f1879-1938 _gИосиф Станиславович |
|
| 801 | 0 |
_aRU _bNLR _c20091014 |
|
| 852 |
_aNLR _j22/961-1 |
||
| 852 |
_aNLR _j22/961-1а |
||
| 899 | _aГОПБ | ||
| 899 | _aГПИБ | ||
| 899 | _aРГБ | ||
| 899 | _aSLK | ||
| 899 | _aКирОУНБ | ||
| 942 | _cBOOK | ||
| 980 | _aA1SV | ||
| 980 | _aNB | ||